|
|
|
|
| LEADER |
00000nam a2200000 a 4500 |
| 001 |
vtls010666782 |
| 003 |
SK-MaSNL |
| 005 |
20260302051007.0 |
| 008 |
240318s2015 xo a g n 000 0dslo |
| 015 |
|
|
|a SNBA2015/05
|
| 020 |
|
|
|a 9788089631285
|q (viaz.)
|
| 035 |
|
|
|a 8C8E9BE4-2DF8-4CA6-8B7D-4704F5192964
|
| 035 |
|
|
|a urn:nbn:sk:snk-amkv9n
|
| 035 |
|
|
|a urn:nbn:sk:snk-am0048ra
|
| 040 |
|
|
|a SNK
|b slo
|c SNK
|e AACR2
|
| 041 |
0 |
|
|a slo
|a ukr
|
| 044 |
|
|
|a xo
|c SK
|
| 072 |
|
7 |
|a 81
|x Lingvistika. Jazyky
|2 konspekt
|
| 080 |
|
|
|a 811.162.4
|2 2001
|
| 080 |
|
|
|a 811.161.2
|2 2001
|
| 080 |
|
|
|a 34
|2 2001
|
| 080 |
|
|
|a 33
|2 2001
|
| 080 |
|
|
|a 321
|2 2001
|
| 080 |
|
|
|a 81'373.46
|2 2001
|
| 080 |
|
|
|a (038)81
|2 2001
|
| 100 |
1 |
|
|a Uraz, Štefan,
|d 1939-
|4 aut
|9 155144
|
| 245 |
1 |
0 |
|a Slovensko-ukrajinský právnicko-ekonomický a politologický slovník
|c Štefan Uraz
|
| 246 |
1 |
1 |
|a Slovac'ko-ukrajins'kyj jurydyčno-ekonomičnyj ta politolohičnyj slovnyk
|
| 250 |
|
|
|a 1. vyd.
|
| 260 |
|
|
|a Bratislava
|b Herba
|c 2015
|
| 300 |
|
|
|a 324 s.
|b tab., portrét aut.
|c 24 cm
|
| 504 |
|
|
|a Bibliogr.: s. [5] ; zoz. skrat.
|
| 650 |
0 |
7 |
|a slovenčina
|2 SNKPH
|9 1350
|
| 650 |
0 |
7 |
|a ukrajinčina
|2 SNKPH
|9 1347
|
| 650 |
0 |
7 |
|a právo
|2 SNKPH
|9 976
|
| 650 |
0 |
7 |
|a ekonómia
|2 SNKPH
|9 788
|
| 650 |
0 |
7 |
|a politológia
|2 SNKPH
|9 4684
|
| 650 |
0 |
7 |
|a odborná terminológia
|2 SNKPH
|9 3616
|
| 650 |
0 |
7 |
|a Slovak language
|2 SNKPHeng
|9 266031
|
| 650 |
0 |
7 |
|a Ukrainian language
|2 SNKPHeng
|9 325295
|
| 650 |
0 |
7 |
|a Law
|2 SNKPHeng
|9 265417
|
| 650 |
0 |
7 |
|a Economics
|2 SNKPHeng
|9 265310
|
| 650 |
0 |
7 |
|a Political science
|2 SNKPHeng
|9 265833
|
| 650 |
0 |
7 |
|a Terminology (professional)
|2 SNKPHeng
|9 90966
|
| 655 |
|
7 |
|a dvojjazyčné slovníky
|2 SNKPH
|9 73034
|
| 655 |
|
7 |
|a Bilingual dictionaries
|2 SNKPHeng
|9 295638
|
| 655 |
|
7 |
|a Terminological dictionaries
|2 SNKPHeng
|9 90728
|
| 655 |
|
7 |
|a terminologické slovníky
|2 SNKPH
|9 70504
|
| 919 |
|
|
|a 978-80-89631-28-5
|
| 958 |
|
|
|a NB
|
| 999 |
|
|
|c 1099310
|d 1101240
|
| 952 |
|
|
|a SNK
|b SNK
|y PREZ
|7 0
|p 17A1155826
|o snkSC 164267
|i snk2015/12366
|8 0
|0 0
|1 0
|4 0
|d 2015-04-13
|f 1
|l 0
|r 2025-08-28 00:00:00
|w 2026-02-24
|
| 952 |
|
|
|a SNK
|b SNK
|y VYP
|7 0
|p 17A1155827
|o snkSC 164267 D1
|i snk2015/12368
|8 0
|0 0
|1 0
|4 0
|d 2015-04-13
|l 0
|r 2026-02-24 17:25:51
|w 2026-02-24
|